<?xml version="1.0" encoding="UTF-8"?>
<record
    xmlns:xsi="http://www.w3.org/2001/XMLSchema-instance"
    xsi:schemaLocation="http://www.loc.gov/MARC21/slim http://www.loc.gov/standards/marcxml/schema/MARC21slim.xsd"
    xmlns="http://www.loc.gov/MARC21/slim">

  <leader>01096cam a2200193   4500</leader>
  <controlfield tag="001">4355</controlfield>
  <controlfield tag="005">20181127173236.0</controlfield>
  <controlfield tag="008">090925s2010    nyu           000 0 eng</controlfield>
  <datafield tag="010" ind1=" " ind2=" ">
    <subfield code="a">  2009037802</subfield>
  </datafield>
  <datafield tag="020" ind1=" " ind2=" ">
    <subfield code="a">13:9788184951196</subfield>
  </datafield>
  <datafield tag="020" ind1=" " ind2=" ">
    <subfield code="a">9781439171868 (ebook)</subfield>
  </datafield>
  <datafield tag="100" ind1="1" ind2=" ">
    <subfield code="a">Sharma, Robin S.</subfield>
    <subfield code="q">(Robin Shilp),</subfield>
    <subfield code="d">1964-</subfield>
  </datafield>
  <datafield tag="245" ind1="1" ind2="4">
    <subfield code="a">The leader who had no title :</subfield>
    <subfield code="b">a modern fable on real success in business and in life /</subfield>
    <subfield code="c">Robin Sharma.</subfield>
  </datafield>
  <datafield tag="250" ind1=" " ind2=" ">
    <subfield code="a">1st Free Press hardcover ed.</subfield>
  </datafield>
  <datafield tag="260" ind1=" " ind2=" ">
    <subfield code="a">Ahmedabad :</subfield>
    <subfield code="b">Jaico Pub,</subfield>
    <subfield code="c">2010.</subfield>
  </datafield>
  <datafield tag="300" ind1=" " ind2=" ">
    <subfield code="a">xiii, 203 p. ;</subfield>
    <subfield code="c">21 cm.</subfield>
  </datafield>
  <datafield tag="505" ind1="0" ind2=" ">
    <subfield code="a">Leadership and success is your birthright -- My meeting with a leadership mentor -- The sad costs of mediocrity and the spectacular rewards of leadership mastery -- The first leadership conversation: you need no title to be a leader -- The second leadership conversation: turbulent times build great leaders -- The third leadership conversation: the deeper your relationships, the stronger your leadership -- The fourth leadership conversation: to be a great leader, first become a great person.</subfield>
  </datafield>
  <datafield tag="650" ind1=" " ind2="0">
    <subfield code="a">Leadership.</subfield>
  </datafield>
  <datafield tag="999" ind1=" " ind2=" ">
    <subfield code="c">3600</subfield>
    <subfield code="d">3600</subfield>
  </datafield>
  <datafield tag="952" ind1=" " ind2=" ">
    <subfield code="0">0</subfield>
    <subfield code="1">0</subfield>
    <subfield code="2">ddc</subfield>
    <subfield code="4">0</subfield>
    <subfield code="7">0</subfield>
    <subfield code="8">MAIN</subfield>
    <subfield code="a">RTCLIB</subfield>
    <subfield code="b">RTCLIB</subfield>
    <subfield code="c">MAIN</subfield>
    <subfield code="d">2021-09-03</subfield>
    <subfield code="h"> </subfield>
    <subfield code="i">7902</subfield>
    <subfield code="l">9</subfield>
    <subfield code="m">4</subfield>
    <subfield code="o">658 SHA</subfield>
    <subfield code="p">30006950</subfield>
    <subfield code="r">2023-09-07 00:00:00</subfield>
    <subfield code="s">2023-08-07</subfield>
    <subfield code="w">2018-11-27</subfield>
    <subfield code="y">MAIN</subfield>
  </datafield>
</record>
